Comentarios a la ley de contratos de las administraciones públicas

में बचाया:
ग्रंथसूची विवरण
निगमित लेखक: Ariño y Asociados (लेखक)
स्वरूप: पुस्तक
भाषा:स्पेनिश
प्रकाशित: Granada Comares 2002
श्रृंखला:Biblioteca Comares de Ciencia Jurídica
विषय:
टैग: टैग जोड़ें
कोई टैग नहीं, इस रिकॉर्ड को टैग करने वाले पहले व्यक्ति बनें!

MARC

LEADER 00000nam a2200000 a 4500
001 UCL7909
003 CL-VaPUC
008 040604e20020000SP |||||||||||||||||spa|d
020 |a 8484445445v.1 
020 |a 8484446883v.2 
020 |a 8484446905 
082 0 4 |a 346.4602  |b ARI  |2 21 
110 2 |a Ariño y Asociados  |e author  |9 485868 
245 1 0 |a Comentarios a la ley de contratos de las administraciones públicas 
300 |a v 
942 |c BK 
945 |d 20040604 00:00:00  |a cmena 
260 |a Granada  |b Comares  |c 2002 
500 |a v.1: El sistema contractual administrativo 
500 |a v.2: La gestación del contrato 
650 0 |a Derecho civil español   |9 390729 
650 0 |a Contratos  |9 255153 
650 0 |a Administración pública   |9 255343 
651 0 |a España  |9 254926 
583 |a last modification  |c 20040604 00:00:00  |k Rodrigo Vera 
490 0 |a Biblioteca Comares de Ciencia Jurídica 
999 |c 309463  |d 309461 
952 |0 0  |1 0  |4 0  |6 346_460200000000000_ARI_2002  |7 0  |8 A  |9 376913  |a BIBDER  |b BIBDER  |d 2019-11-21  |h v.1  |i 4021509  |o 346.4602 ARI 2002  |p 4021509  |r 2019-11-21  |w 2019-11-21  |y BK  |k DER 
952 |0 0  |1 0  |4 0  |6 346_460200000000000_ARI_2002  |7 0  |8 A  |9 376914  |a BIBDER  |b BIBDER  |d 2019-11-21  |h v.2  |i 4021517  |o 346.4602 ARI 2002  |p 4021517  |r 2019-11-21  |w 2019-11-21  |y BK  |k DER